La ciudad y las sierras / (Registro nro. 58695)

Detalles MARC
000 -LEADER
campo de control de longitud fija 00611nam a2200205 i 4500
001 - NÚMERO DE CONTROL
campo de control 58695
003 - IDENTIFICADOR DE NÚMERO DE CONTROL
campo de control ES-MaACL
005 - FECHA Y HORA DE LA ÚLTIMA TRANSACCIÓN
campo de control 20240518063029.0
007 - CAMPO FIJO DE DESCRIPCIÓN FÍSICA--INFORMACIÓN GENERAL
campo de control de longitud fija t|
008 - DATOS DE LONGITUD FIJA--INFORMACIÓN GENERAL
campo de control de longitud fija 031023s1911 sp |||| | spa d
080 ## - NÚMERO DE LA CLASIFICACIÓN DECIMAL UNIVERSAL
Número de la Clasificación Decimal Universal 821.134.3-31"18"
100 1# - ENTRADA PRINCIPAL--NOMBRE DE PERSONA
Nombre de persona Queirós, Eça de,
Fechas asociadas al nombre 1845-1900
9 (RLIN) 94499
245 13 - MENCIÓN DEL TÍTULO
Título La ciudad y las sierras /
Mención de responsabilidad, etc. José María Eça de Queiroz ; traducción de E. Marquina.
250 ## - MENCION DE EDICION
Mención de edición 2ª ed.
260 ## - PUBLICACIÓN, DISTRIBUCIÓN, ETC.
Lugar de publicación, distribución, etc. Barcelona :
Nombre del editor, distribuidor, etc. Maucci,
Fecha de publicación, distribución, etc. 1911.
300 ## - DESCRIPCIÓN FÍSICA
Extensión 276 p. ;
Dimensiones 19 cm.
700 1# - ENTRADA AGREGADA--NOMBRE PERSONAL
Nombre de persona Marquina, Eduardo,
Fechas asociadas al nombre 1879-1946
9 (RLIN) 77043
852 ## - LOCALIZACIÓN
Ubicación ES-MaACL
Número de control de estantería F-2996
Existencias
Estatus retirado Estado de pérdida Estado de daño No para préstamo Biblioteca de origen Biblioteca actual Ubicación en estantería Fecha de adquisición Fuente de adquisición Total de préstamos Signatura topográfica completa Código de barras Visto por última vez Precio de reemplazo Tipo de ítem Koha
        Biblioteca del Ateneo de Madrid Biblioteca del Ateneo de Madrid Depósito 2 17/01/2008     F-2996 1061576 23/02/2023 23/02/2023 Libro impreso